书目信息 |
| 题名: |
制冷空调技术标准应用手册
|
|
| 作者: | 机械工业部冷冻设备标准化技术委员会 编 | |
| 分册: | ||
| 出版信息: | 北京 机械工业出版社 1998.04 |
|
| 页数: | 779页 | |
| 开本: | 16开 | |
| 丛书名: | ||
| 单 册: | ||
| 中图分类: | ||
| 科图分类: | ||
| 主题词: | 制冷--机械 , 制冷--设备 | |
| 电子资源: | ||
| ISBN: | 7-111-05915-8 | |
| 000 | 00762nam0 2200229 45 | |
| 001 | 9912080873 | |
| 005 | 20010413090541.1 | |
| 010 | @a7-111-05915-8@d95.00元 | |
| 100 | @a19991208d1998 km y0chiy0120 ea | |
| 101 | @achi | |
| 105 | @a z 000yy | |
| 200 | 1 | @a制冷空调技术标准应用手册@AZhi Leng Kong Diao Ji Shu Biao Zhun Ying Yong Shou Ce@f机械工业部冷冻设备标准化技术委员会编@FJi Xie Gong Ye Bu Leng Dong She Bei Biao Zhun Hua Ji Shu Wei Yuan Hui Bian |
| 205 | @a1 | |
| 210 | @a北京@c机械工业出版社@d1998.04 | |
| 215 | @a779页@d16开 | |
| 606 | 0 | @a制冷@x机械 |
| 606 | 0 | @a制冷@x设备 |
| 690 | @v3 | |
| 690 | @aTB657.2-65@v3 | |
| 701 | @a机械工业部冷冻设备标准化技术委员会@4编 | |
| 801 | @aCN@bPFTUser@c19991208 | |
| 905 | @dTB657.2-65@eJ:282@b338200@f1 | |
| 制冷空调技术标准应用手册/机械工业部冷冻设备标准化技术委员会编.-1.-北京:机械工业出版社,1998.04 |
| 779页;16开 |
| ISBN 7-111-05915-8:95.00元 |
| ● |
| 相关链接 |
|
|
|
正题名:制冷空调技术标准应用手册
索取号:TB657.2-65/J:282
 
预约/预借
| 序号 | 登录号 | 条形码 | 馆藏地/架位号 | 状态 | 备注 |
| 1 | 338200 | 203382008 | 自科库501/501自科库 18排4列3层/ [索取号:TB657.2-65/J:282] | 在馆 |